000 00536nam a2200169Ia 4500
003 IN-BaIIA
008 211028s9999 xx 000 0 eng d
040 _cIIA Library
080 _a624(083.75)
_bSPE-I
110 _aIndia. Central Public Works Deptment
_932838
245 0 _aCPWD specifications
_bvol. 1
_cIndia. Central Public Works Deptment
260 _aNew Delhi
_bCPWD
_c2009
300 _ax, 532p.
650 _aCentral Public Work Deptment
_932839
650 _aSpecifications of CPWD
_932840
942 _cBK
999 _c17403
_d17403